Motivation : the organisation of action (Record no. 372493)

000 -LEADER
fixed length control field 00378cam a22001337a 4500
008 - FIXED-LENGTH DATA ELEMENTS--GENERAL INFORMATION
fixed length control field 180718b1987 xxu||||| |||| 00| 0 eng d
020 ## - INTERNATIONAL STANDARD BOOK NUMBER
International Standard Book Number 0393954749
082 ## - DEWEY DECIMAL CLASSIFICATION NUMBER
Classification number K9594 M778
100 ## - MAIN ENTRY--PERSONAL NAME
Personal name Mook, Douglas G.
245 ## - TITLE STATEMENT
Title Motivation : the organisation of action
Statement of responsibility, etc. by Douglas G. Mook
260 ## - PUBLICATION, DISTRIBUTION, ETC.
Place of publication, distribution, etc. New York
Name of publisher, distributor, etc. W.W. Norton
Date of publication, distribution, etc. 1987
300 ## - PHYSICAL DESCRIPTION
Extent 586p.
650 ## - SUBJECT ADDED ENTRY--TOPICAL TERM
Topical term or geographic name entry element Motivation (Psychology)
Holdings
Withdrawn status Lost status Damaged status Not for loan Permanent Location Current Location Date acquired Full call number Barcode Date last seen Price effective from Koha item type
        Indian Institute of Public Administration Indian Institute of Public Administration 1994-06-16 K9594 M778 67738 2019-04-24 2018-07-21 Book

Powered by Koha